000 00242nam a22000857a 4500
008 160630b xxu||||| |||| 00| 0 eng d
100 _91568
_a Sarna, C.S., et al
245 _aA New Book of Trigonometry
260 _aNew Delhi
_bArya Publication
_c1965
999 _c1296
_d1296